000 00486nam a2200181Ia 4500
001 64248
008 150204s9999 xx 000 0 und d
020 _a9780312643751
040 _cPK-LaUMT
082 _a 621.042
_bSHE-R
100 _aShere, Jeremy
245 _aRenewable
_bthe world-changing power of alternative energy
_cShere, Jeremy
260 _aNew York,USA:
_bSt. Martin's Press,
_c2013
300 _a293 p.
546 _aEN
650 _aRenewable enrgy-USA
942 _cBK
999 _c65397
_d65397